|
|
|
|
| LEADER |
00000nam a22000007a 4500 |
| 005 |
20190919004422.0 |
| 007 |
cr|||| |||| |
| 008 |
190919s2019 hr |||||s|||| 00||0 eng d |
| 020 |
|
|
|a 9786200224897
|
| 035 |
|
|
|a 29450
|
| 040 |
|
|
|a vLex
|
| 090 |
|
|
|c 9579
|d 9579
|
| 100 |
1 |
|
|a Bedi, Davor
|
| 245 |
1 |
0 |
|a Institutional Responsibility For Economic Frauds In Croatia
|h [Recurso electrn̤ico] /
|c Davor Bedi
|
| 256 |
|
|
|a Servicio en ln̕ea
|
| 260 |
|
|
|a Zagreb:
|b Lambert Academic Publishing,
|c 2019
|
| 300 |
|
|
|a 1 recurso electrn̤ico
|
| 500 |
|
|
|a Economic crimes as an omnipresent harmful phenomenon were the subject of numerous public debates in the Republic of Croatia, especially related to process of conversion and privatization during the nineties. These phenomena has been the subject of many talks and publications which as a result had the public impression how malversations which occurred during the process of conversion and privatization are the most important segment of economic crimes in Croatia. Maybe this is true, but it should be pointed out that economic crimes contain a wide range of criminal offenses, some of which are very harmful and highly represented. One of the most significant manifestations of economic crimes in recent Croatian history is economic fraud or fraud in economy as it is described in Article 247 of the Criminal Code of the Republic of Croatia.
|
| 506 |
1 |
|
|a Disponible solo en los productos indicados
|d vLex Global
|d vLex Global (Academic Edition, excluding Law Schools)
|d vLex Global (U.S. Academic Edition, Law Schools)
|d vLex Global (U.S. Academic Edition, excluding Law Schools)
|d vLex Global (Academic Edition, Law Schools)
|
| 650 |
0 |
4 |
|a Derecho Penal
|z Croacia
|
| 740 |
0 |
|
|a vLex Libros (Servicio en ln̕ea)
|
| 856 |
4 |
0 |
|u http://vlex.com/source/29450
|z Acceso restringido
|
| 942 |
|
|
|c BOOK
|
| 999 |
0 |
|
|a Criminal law
|